00810cam a22002651 4500001001300000003000400013005001700017008004100034010001700075035001900092040002300111042001200134050002200146082001000168100003200178245006000210260005100270300004600321490005300367504003100420650002200451650002700473650002700500999001700527gs 42000298 DLC20260227111348.0750916m19261950dcu 000 0 eng  ags 42000298  a(OCoLC)1628274 aDLCcFdOCoLCdDLC apremarc00aQE75b.P9 no. 142 a557.31 aGardner, Julia Anna,d1882-14aThe molluscan fauna of the Alum Bluff group of Florida. aWashington,bU.S. Govt. Print. Off.,c1926-50. a9 v. (709 p.)bplates, fold, map.c29 cm.0 aU.S. Geological Survey. Professional paper 142. aBibliographical footnotes. 0aMollusks, Fossil. 0aPaleontologyyMiocene. 0aPaleontologyzFlorida. c27841d27841